[Event "AUTO-MASTER-3071"]
[Site "http://www.queenalice.com/game.php?id=1773016"]
[Date "2021.10.23"]
[Round "1"]
[White "punk"]
[Black "Canaye"]
[Result "1-0"]
[WhiteElo "1933"]
[BlackElo "1781"]

1. e4 e6 2. Nf3 d5 3. exd5 exd5 4. d4 Nf6 5. Be2 c5 6. O-O Nc6 7. Re1 cxd4 8.
Nxd4 Be7 9. Bg5 Ne4 10. Be3 Nxd4 11. Bxd4 O-O 12. Bd3 Nc5 13. Rxe7 Qxe7 14. Nc3
Nxd3 15. Qxd3 Bg4 16. Nxd5 Qe2 17. Qg3 Rae8 18. h3 Re4 19. c3 Rxd4 20. cxd4 Be6
21. Ne7+ Kh8 22. d5 Bxh3 23. Qxh3 Qxe7 24. Rd1 h6 25. d6 Qe5 26. d7 Rd8 27. Qf3
Qe6 28. Qxb7 a6 29. Qc7 Qe7 30. b4 g5 31. a4 h5 32. b5 axb5 33. axb5 g4 34. b6
g3 35. fxg3 Qe3+ 36. Kh2 Qe7 37. b7 h4 38. Qxd8+ Qxd8 39. b8=Q hxg3+ 40. Kh3
Qxb8 41. d8=Q+ Qxd8 42. Rxd8+ 1-0

[Event "AUTO-MASTER-3071"]
[Site "http://www.queenalice.com/game.php?id=1773021"]
[Date "2021.10.23"]
[Round "1"]
[White "e4d4sf3"]
[Black "punk"]
[Result "1/2-1/2"]
[WhiteElo "2160"]
[BlackElo "1986"]

1. e4 c5 2. Nf3 Nf6 3. Nc3 e6 4. a3 a6 5. d4 cxd4 6. Nxd4 Nc6 7. Nxc6 bxc6 8. e5
Nd5 9. Ne4 f5 10. Nd6+ Bxd6 11. exd6 O-O 12. c4 Nf6 13. Be2 a5 14. O-O c5 15.
Bf4 Rb8 16. Be5 Bb7 17. Rb1 Be4 18. Bd3 Qb6 19. Bxf6 Bxd3 20. Qxd3 1/2-1/2

[Event "AUTO-MASTER-3071"]
[Site "http://www.queenalice.com/game.php?id=1773022"]
[Date "2021.10.23"]
[Round "1"]
[White "punk"]
[Black "e4d4sf3"]
[Result "1/2-1/2"]
[WhiteElo "1978"]
[BlackElo "2166"]

1. d4 d5 2. c4 c6 3. Nf3 Nf6 4. Nc3 a6 5. a4 Bf5 6. e3 e6 7. Be2 Bd6 8. O-O O-O
9. h3 h6 10. b3 Qe7 11. Bb2 Nbd7 12. c5 Bc7 13. Bd3 Bxd3 14. Qxd3 e5 15. e4 exd4
16. Nxd4 dxe4 17. Qe3 Qxc5 18. Rad1 Rfe8 19. Nce2 Qe5 20. Qg3 Qxg3 21. fxg3 Rad8
22. Nf5 Be5 1/2-1/2

[Event "AUTO-MASTER-3073"]
[Site "http://www.queenalice.com/game.php?id=1774389"]
[Date "2021.11.9"]
[Round "1"]
[White "rmvwoods"]
[Black "punk"]
[Result "0-1"]
[WhiteElo "2072"]
[BlackElo "2013"]

1. d4 Nf6 2. c4 e6 3. Nc3 d5 4. Bg5 Bb4 5. a3 Bxc3+ 6. bxc3 O-O 7. e3 c6 8. Nf3
Nbd7 9. Bd3 h6 10. Bh4 Qa5 11. Qb3 dxc4 12. Bxc4 Ne4 13. Be7 Re8 14. Bb4 Qh5 15.
a4 a5 16. Ba3 b6 17. Qc2 Ndf6 18. O-O Ba6 19. Bxa6 Rxa6 20. Ne5 b5 21. f3 Ng5
22. Bc5 Nd5 23. Qd3 Rea8 24. f4 Nh7 25. Rf3 f5 26. c4 bxc4 27. Qxc4 Nhf6 28. Rb1
Qe8 29. Rb7 Ne4 30. Rh3 Nxc5 31. Qxc5 Rb8 32. Rxb8 Qxb8 33. Qc2 Qb4 34. Nd3 Qa3
35. Rf3 Rb6 36. h3 Qa1+ 37. Kh2 Qa3 38. Nc5 Rb2 39. e4 Rxc2 40. Rxa3 Nxf4 41.
Kg3 Ne2+ 42. Kh4 Nxd4 43. Nb7 Rxg2 44. Rg3 g5+ 0-1

[Event "AUTO-MASTER-3073"]
[Site "http://www.queenalice.com/game.php?id=1774390"]
[Date "2021.11.9"]
[Round "1"]
[White "punk"]
[Black "rmvwoods"]
[Result "1-0"]
[WhiteElo "1983"]
[BlackElo "2083"]

1. d4 d5 2. c4 c6 3. Nf3 Nf6 4. Nc3 dxc4 5. e4 b5 6. a4 Bd7 7. axb5 cxb5 8. e5
Ng8 9. d5 b4 10. Ne4 e6 11. d6 Bc6 12. Nc5 Nd7 13. Na6 Rc8 14. Nc7+ Rxc7 15.
dxc7 Qxc7 16. Be3 Bd5 17. Rxa7 Qc6 18. Nd4 Qb6 19. Rxd7 Kxd7 20. Qa4+ Kc8 21.
Nb5 Bc5 22. Nd6+ Kb8 23. Qe8+ Kc7 24. Qc8# 1-0

[Event "AUTO-MASTER-3073"]
[Site "http://www.queenalice.com/game.php?id=1774403"]
[Date "2021.11.9"]
[Round "1"]
[White "donadama"]
[Black "punk"]
[Result "0-1"]
[WhiteElo "2012"]
[BlackElo "2074"]

1. d4 c6 2. c4 d5 3. Nc3 Nf6 4. Bg5 e6 5. e3 Bb4 6. Nf3 O-O 7. Bd3 Nbd7 8. O-O
b6 9. a3 Bd6 10. b4 c5 11. h3 Bb7 12. Nb5 Bb8 13. Qc2 h6 14. Bxf6 Qxf6 15. bxc5
bxc5 16. Rab1 dxc4 17. Bxc4 Bxf3 18. gxf3 Qxf3 19. Bd3 Qxh3 20. f4 Qxe3+ 21. Rf2
Bxf4 22. Rf1 cxd4 0-1

[Event "AUTO-MASTER-3073"]
[Site "http://www.queenalice.com/game.php?id=1774404"]
[Date "2021.11.9"]
[Round "1"]
[White "punk"]
[Black "donadama"]
[Result "0-1"]
[WhiteElo "2088"]
[BlackElo "2013"]

1. e4 c5 2. Nf3 e6 3. d4 cxd4 4. Nxd4 a6 5. Bd3 b5 6. O-O Bb7 7. Nc3 Qc7 8. Qg4
Nf6 9. Qh4 Be7 10. Bg5 Nc6 11. Nxc6 Bxc6 12. f4 h6 13. e5 Rg8 14. exf6 gxf6 15.
Be4 fxg5 16. fxg5 Bxg5 17. Qh5 d5 18. Bxd5 Bxd5 19. Nxd5 exd5 20. Rae1+ Kd8 21.
Rxf7 Qc5+ 22. Kh1 Ra7 23. Qf3 Re8 24. Rd1 Rxf7 25. Qd3 Rd7 0-1

[Event "AUTO-MASTER-3073"]
[Site "http://www.queenalice.com/game.php?id=1774413"]
[Date "2021.11.9"]
[Round "1"]
[White "punk"]
[Black "ratorei"]
[Result "1-0"]
[WhiteElo "2003"]
[BlackElo "2048"]

1. e4 c5 2. Nf3 Nc6 3. d4 cxd4 4. Nxd4 Nf6 5. Nc3 a6 6. Bg5 e6 7. a3 d6 8. f3
Be7 9. Qd2 Qb6 10. Be3 Qc7 11. Bd3 Ne5 12. O-O O-O 13. Rac1 b5 14. Nce2 Bb7 15.
c4 Nxd3 16. Qxd3 bxc4 17. Qxc4 Qd8 18. Qc7 Rb8 19. Nxe6 fxe6 20. Ba7 1-0

[Event "AUTO-MASTER-3073"]
[Site "http://www.queenalice.com/game.php?id=1774414"]
[Date "2021.11.9"]
[Round "1"]
[White "ratorei"]
[Black "punk"]
[Result "1/2-1/2"]
[WhiteElo "2028"]
[BlackElo "2012"]

1. e4 c5 2. Nf3 d6 3. d4 cxd4 4. Nxd4 Nf6 5. Nc3 e5 6. Nf3 a6 7. Bd3 Be6 8. h3
Nc6 9. a3 Rc8 10. Be3 b5 11. Ng5 Be7 12. Nxe6 fxe6 13. O-O O-O 14. f4 d5 15.
exd5 Nxd5 16. Nxd5 exd5 17. fxe5 Nxe5 18. Qd2 Nc4 19. Bxc4 dxc4 20. Qe2 Bf6 21.
c3 Re8 22. Qf3 Qd3 23. Rae1 Rcd8 24. Bb6 Qxf3 25. Rxe8+ Rxe8 26. Rxf3 Kf7 27. g4
h6 28. Kg2 Re6 29. Bd4 Re2+ 30. Rf2 Rxf2+ 31. Kxf2 Bg5 32. Bc5 g6 33. Ke2 Ke6
34. Be3 Bxe3 35. Kxe3 Ke5 1/2-1/2

[Event "AUTO-MASTER-3076"]
[Site "http://www.queenalice.com/game.php?id=1775994"]
[Date "2021.12.1"]
[Round "1"]
[White "punk"]
[Black "Deo"]
[Result "0-1"]
[WhiteElo "1977"]
[BlackElo "2007"]

1. d4 Nf6 2. c4 g6 3. Nf3 Bg7 4. Nc3 d5 5. Bf4 c6 6. e3 O-O 7. h3 Ne4 8. Bd3 f5
9. O-O Nd7 10. cxd5 Nxc3 11. bxc3 cxd5 12. Qb3 e6 13. c4 Nb6 14. Rac1 dxc4 15.
Bxc4 Nxc4 16. Rxc4 Qd5 17. Rc7 Qxb3 18. axb3 b6 19. Rfc1 Rd8 20. Ne5 Ba6 0-1

[Event "AUTO-MASTER-3076"]
[Site "http://www.queenalice.com/game.php?id=1775995"]
[Date "2021.12.1"]
[Round "1"]
[White "Deo"]
[Black "punk"]
[Result "1-0"]
[WhiteElo "1991"]
[BlackElo "1993"]

1. e4 c5 2. Nf3 d6 3. Bb5+ Bd7 4. Bxd7+ Nxd7 5. d4 cxd4 6. Nxd4 a6 7. Nc3 e5 8.
Nf5 Nc5 9. Be3 Nf6 10. f3 Rc8 11. O-O b5 12. Kh1 g6 13. Nh6 Ne6 14. Qd2 Qc7 15.
Rad1 Qc4 16. a3 Nh5 17. Ng4 f5 18. Nxe5 Qc7 19. Nd3 1-0

[Event "AUTO-MASTER-3076"]
[Site "http://www.queenalice.com/game.php?id=1775996"]
[Date "2021.12.1"]
[Round "1"]
[White "punk"]
[Black "madriles"]
[Result "0-1"]
[WhiteElo "2046"]
[BlackElo "1920"]

1. e4 d6 2. Nf3 Nf6 3. d3 g6 4. h3 Bg7 5. Be2 O-O 6. O-O Nc6 7. Be3 e5 8. c3 b6
9. Qd2 Bb7 10. a4 Na5 11. b4 Nb3 12. Qb2 Nxa1 13. Qxa1 Nd7 14. Nbd2 d5 15. Qc1
dxe4 16. Nxe4 f5 0-1

[Event "AUTO-MASTER-3076"]
[Site "http://www.queenalice.com/game.php?id=1775997"]
[Date "2021.12.1"]
[Round "1"]
[White "madriles"]
[Black "punk"]
[Result "1-0"]
[WhiteElo "1941"]
[BlackElo "2025"]

1. d4 d5 2. c4 c6 3. Nc3 Nf6 4. Nf3 Bf5 5. e3 e6 6. cxd5 exd5 7. Bd3 Bg6 8. Bxg6
hxg6 9. O-O Bd6 10. Re1 Nbd7 11. e4 dxe4 12. Nxe4 Nxe4 13. Rxe4+ Kf8 14. Qb3 Nf6
15. Bg5 Qc7 16. Rh4 Rxh4 17. Bxh4 1-0

[Event "AUTO-MASTER-3076"]
[Site "http://www.queenalice.com/game.php?id=1775998"]
[Date "2021.12.1"]
[Round "1"]
[White "punk"]
[Black "RobertD"]
[Result "1-0"]
[WhiteElo "2047"]
[BlackElo "2002"]

1. e4 e5 2. Nf3 d6 3. d4 exd4 4. Nxd4 Bd7 5. Be2 Nc6 6. O-O Nf6 7. Bg5 h6 8.
Bxf6 Qxf6 9. c3 Qg6 10. Bf3 Ne5 11. Kh1 c5 12. Nf5 Bxf5 13. exf5 Qxf5 14. Re1
O-O-O 15. Qd5 Qd7 16. Nd2 Nc6 17. h3 Kb8 18. a4 f6 19. a5 a6 20. Nc4 g6 21. Nb6
Qc7 22. Qb3 Rh7 23. Nd5 Nxa5 24. Qa4 1-0

[Event "AUTO-MASTER-3076"]
[Site "http://www.queenalice.com/game.php?id=1775999"]
[Date "2021.12.1"]
[Round "1"]
[White "RobertD"]
[Black "punk"]
[Result "0-1"]
[WhiteElo "1988"]
[BlackElo "2061"]

1. e4 c5 2. f4 d6 3. Bb5+ Nc6 4. Bxc6+ bxc6 5. Nf3 e6 6. O-O Ba6 7. d3 Nf6 8. c4
d5 9. e5 Ng8 10. Be3 dxc4 11. dxc4 Bxc4 12. Qxd8+ Rxd8 13. Re1 Nh6 14. h3 Nf5
15. Bf2 Be7 16. Nc3 O-O 17. Ne4 Rd5 18. b3 Bd3 19. Nxc5 Bxc5 20. Bxc5 Rxc5 21.
g4 Ne7 22. Rad1 Rd5 23. Rc1 Rfd8 0-1

[Event "AUTO-ADV-4545"]
[Site "http://www.queenalice.com/game.php?id=1776122"]
[Date "2021.12.3"]
[Round "2"]
[White "chessman"]
[Black "punk"]
[Result "1-0"]
[WhiteElo "1900"]
[BlackElo "2069"]

1. e4 c5 2. Nf3 d6 3. Bb5+ Bd7 4. Bxd7+ Qxd7 5. c3 e6 6. O-O Nf6 7. Re1 e5 8. d4
Qc7 9. Nbd2 Be7 10. Nf1 O-O 11. Ng3 Re8 12. Nf5 Bf8 13. Bg5 Nfd7 14. N3h4 Nc6
15. d5 Ne7 16. Qg4 Nxf5 17. Nxf5 g6 18. Nh6+ Bxh6 19. Bxh6 f6 20. Be3 Nf8 21. f4
Qc8 22. Qg3 f5 23. fxe5 Rxe5 24. Bf4 Rxe4 25. Rxe4 fxe4 26. Bxd6 Qf5 27. c4 Nd7
28. Rf1 Qh5 29. Qf4 g5 30. Qxe4 Re8 31. Qf5 Nb6 32. b3 Qg6 33. Qxg6+ hxg6 34.
Bxc5 1-0

[Event "AUTO-ADV-4545"]
[Site "http://www.queenalice.com/game.php?id=1776123"]
[Date "2021.12.3"]
[Round "2"]
[White "punk"]
[Black "chessman"]
[Result "1-0"]
[WhiteElo "2031"]
[BlackElo "2030"]

1. d4 d5 2. c4 c6 3. Nc3 e6 4. e4 dxe4 5. Nxe4 Nd7 6. c5 Ngf6 7. Ng3 Nd5 8. Nf3
N7f6 9. Bd3 Be7 10. O-O O-O 11. a3 b6 12. b4 a5 13. Bd2 axb4 14. axb4 Bb7 15.
Qc2 bxc5 16. bxc5 Qc7 17. Rfe1 h6 18. Ne5 Rxa1 19. Rxa1 Nd7 20. Nc4 e5 21. Nf5
exd4 22. Ncd6 Ra8 23. Rb1 N7f6 24. Rxb7 1-0

[Event "AUTO-ADV-4545"]
[Site "http://www.queenalice.com/game.php?id=1776126"]
[Date "2021.12.3"]
[Round "2"]
[White "punk"]
[Black "carver"]
[Result "0-1"]
[WhiteElo "2006"]
[BlackElo "2088"]

1. e4 e5 2. Nf3 Nc6 3. Bb5 d6 4. O-O Bg4 5. c3 a6 6. Ba4 Qf6 7. Bxc6+ bxc6 8. d4
Bxf3 9. Qxf3 Qxf3 10. gxf3 f6 11. f4 Rb8 12. b3 exd4 13. cxd4 d5 14. f3 Rb4 15.
exd5 cxd5 0-1

[Event "AUTO-ADV-4545"]
[Site "http://www.queenalice.com/game.php?id=1776127"]
[Date "2021.12.3"]
[Round "2"]
[White "carver"]
[Black "punk"]
[Result "1-0"]
[WhiteElo "2101"]
[BlackElo "1962"]

1. d4 d5 2. c4 e6 3. a3 Nf6 4. c5 b6 5. b4 a5 6. Bb2 Be7 7. Nd2 Ba6 8. Qb3 axb4
9. axb4 bxc5 10. dxc5 c6 11. Ngf3 O-O 12. e3 Qc7 13. Bxa6 Rxa6 14. O-O Rxa1 15.
Rxa1 Nbd7 16. g3 Rb8 17. Qa3 h6 18. Bc3 Ng4 19. Qa4 Bf6 20. Bxf6 Ngxf6 21. Nd4
Rc8 22. N2b3 Ne5 23. Na5 Ra8 24. Kg2 Nfd7 25. f4 Nc4 26. Qxc6 Nxe3+ 27. Kf3 1-0